000 00565nam a22001817a 4500
005 20150331121117.0
010 _aENG-112548
020 _a9789381904459
_c1750.00
035 _aEN-96080
037 _bDBAD/PUB
100 _aGhosh, A.K.
245 0 0 _aResource allocation and management in defence :
_c by A.K. Ghosh
_bneed for a framework /
260 _aNew Delhi
_bKW Publishers
_c2013
270 _a4676/21, First Floor, Ansari Road, Daryaganj,
_bNew Delhi
_e110002
300 _axx,495p. :
_c24cm(Hb)
_bill.
500 _aIncludes index
942 _2ddc
_cEN
_mGHO
999 _c92637
_d92637